000 00635nam a2200169 4500
999 _c5905
_d5905
008 161128b xxu||||| |||| 00| 0 eng d
022 _a16551516
082 _aDPer 330.5 P53 June-Dec 2014 V. 51 n. 1 & 2
100 _917892
_aPaloyo, Alfredo R.
245 _aWhen did we begin to spell "heteros*edasticity" correctly?/
_cAlfredo R. Paloyo.
260 _aPhilippines:
_bUP School of Economics/ The Phil. Economic Society,
_c©2014.
300 _aVLI n1, pages 162-178;
_c24 cm.
500 _aPhilippine review of economics.
650 0 _917893
_aSpelling reform
650 0 _917898
_aEnglish language
_xSpelling
942 _2ddc
_cPER